| 000 | 004310000a22001690004500 | ||
|---|---|---|---|
| 003 | MACL | ||
| 005 | 20160107122410.0 | ||
| 008 | 160107b xxu||||| |||| 00| 0 eng d | ||
| 040 |
_aMACL _cMACL |
||
| 041 | _aEnglish | ||
| 082 | _a891.2/BOS | ||
| 100 |
_aJolly, J _924329 |
||
| 245 | _aArthasastra of Kautilya | ||
| 260 |
_bMotilal Banarsidass _c1923 _aLahore |
||
| 650 |
_aSanskrit Literature _929163 |
||
| 942 |
_cBK _k891.2/JOL _2ddc |
||
| 999 |
_c36377 _d36377 |
||